Govt. of
Madhya Pradesh

Bal Gangadhar Tilak (Record no. 64022)

MARC details
000 -LEADER
fixed length control field 00239nam a22001097a 4500
082 ## - DEWEY DECIMAL CLASSIFICATION NUMBER
Classification number 920/RAN
100 ## - MAIN ENTRY--AUTHOR NAME
Personal name Rana, R.
245 ## - TITLE STATEMENT
Title Bal Gangadhar Tilak
260 ## - PUBLICATION, DISTRIBUTION, ETC. (IMPRINT)
Place of publication Delhi
Name of publisher Nisha Pub
Year of publication 2017
650 ## - SUBJECT ADDED ENTRY--TOPICAL TERM
Topical Term Biography
942 ## - ADDED ENTRY ELEMENTS (KOHA)
Koha item type Books
Holdings
Withdrawn status Lost status Damaged status Not for loan Home library Current library Date acquired Cost, normal purchase price Full call number Accession Number Price effective from Koha item type
        MACL MACL 11/12/2020 950.00 920/RAN CRE035614 11/12/2020 Books